000 00496nam a2200133 i 4500
001 184555
003 ES-MaACL
005 20230906222226.0
008 151022s1843 sp |||| | spa d
245 0 0 _aColección de los artículos de fondo de los periódicos La Revolución y El Huracán desde el primero de mayo de 1840, en que principiaron, hasta quince de enero de 1841...
260 _aMadrid :
_b[s.n.],
_c1843 (
_fImp. del Huracan)
300 _a1 v. ;
_c25 cm.
852 _aES-MaACL
_jB-342
999 _c184555
_d184555